000
00301nam a22001337a 4500
008
181106b xxu||||| |||| 00| 0 eng d
020
_a
9780618766437
041
_a
eng
080
_2
6th
_a
371
100
_a
46
101
_a
EDU
245
_a
Student Achievement Series
_c
Kanar,C.C
942
_2
udc
_c
BK
999
_c
52032
_d
52032